000
00303nam a2200133 a 4500
001
4140
005
20140414131911.0
008
090218s19uu xx 00 eng d
050
_a
ER
_b
En1 1994
245
_a
The enormous turnip.
260
_b
Ladybird.
440
_a
Well-loved tales
999
_c
111236
_d
111236